<The> cooperation and relationship between NGOs and universities in Slovakia

Všeobecná charakteristika NGO. Zákonné formy NGO a slovenská legislatíva. Financovanie NGO. Kooperácia univerzít s NGO.

Saved in:
Bibliographic Details
Main Author: Klimiková, Mária
Format: Book Chapter
Language:English
Subjects:
Tags: Add Tag
No Tags, Be the first to tag this record!

MARC

LEADER 00000naa$a2200000$$$4500
001 0121054
005 20240502083313.0
041 0 |a eng 
044 |a TR 
245 1 0 |a <The> cooperation and relationship between NGOs and universities in Slovakia  |c Mária Klimiková 
520 |a Všeobecná charakteristika NGO. Zákonné formy NGO a slovenská legislatíva. Financovanie NGO. Kooperácia univerzít s NGO. 
610 2 0 |a univerzity 
610 2 0 |a kooperácia 
610 2 0 |a organizácie neziskové 
610 2 0 |a financovanie 
610 2 0 |a legislatíva 
610 2 0 |a Slovensko 
100 1 |a Klimiková, Mária